000 00420nam a2200145Ia 4500
003 LK-CoDNM
008 010623t1979 xxu||||| |||| 00| 1 eng d
040 _aLK-CoDNM
_dLK-CoDNM
_eLK-CoDNM
041 _aeng
080 _a331
_bROL
245 _aThe Role of Women Workers in a Plantation Economy : Seminar Report
260 _b Sri Lanka Foundation Institute
_a Colombo
_c1979
300 _b141p, 24.5 cm
942 _cBK
999 _c110897
_d110897